International Organizations Flags (Hard) - Statistics

General Stats
  • This quiz has been taken 163 times
  • The average score is 8 of 39
Answer Stats
Picture Answer % Correct
North Atlantic Treaty Association
83%
UNESCO
81%
United Nations
81%
European Union
80%
African Union
75%
Arab League
56%
Association of Southeast Asian Nations
55%
Mercosur
54%
Benelux
24%
Commonwealth of Independent States
23%
World Trade Organization
20%
Nordic Council
17%
Caribbean Community
15%
Organization of Islamic Cooperation
14%
Collective Security Treaty Organization
13%
European Free Trade Association
13%
Organization of American States
13%
Council of Europe
12%
Community of Portuguese Language Countries
8%
Gulf Cooperation Council
8%
Pacific Community
8%
Union of South American Nations
8%
East African Community
7%
Eurasian Economic Union
6%
Andean Community
5%
South African Development Community
5%
Bolivarian Alliance for the Peoples of Our America – Peoples' Trade Treaty
4%
Organisation internationale de la Francophonie
4%
Organization for Security and Co-operation in Europe
4%
Organization of African, Caribbean and Pacific States
4%
Organization of Turkic States
4%
Central American Integration System
2%
Central European Free Trade Agreement
2%
Pacific Islands Forum
2%
South Asian Association for Regional Cooperation
2%
Association of Caribbean States
1%
Community of Latin American and Caribbean States
1%
Latin American Parliament
1%
South Atlantic Peace and Cooperation Zone
1%
No matching quizzes found
Score Distribution
Percent of People with Each Score
Percentile by Number Answered
Your Score History
You have not taken this quiz